000 00798nam a2200241 a 4500
001 000028870
003 DO-SdBNP
005 20240316073901.0
007 ta
008 110412s2003 dr 000 | spa d
040 _aDO-SdBNP
_bspa
_cBNPHU
082 _222
_axxx
_bP744
245 0 0 _aPoemas y biografía de Salomé Ureña de Henríquez /
_ccompilado por Tomás Castro Burdiez.
260 _aSanto Domingo :
_bFundación Para la Educación y el Arte (EDUCARTE),
_c2003.
300 _a32 p. ;
_c22 cm.
490 1 _aCuadernos educaativos y culturales
_v3
500 _aIncluye notas al pie de las páginas
590 _aInventariado, 2022/BT
700 _aCastro, Tomás,
_d1959-
_ecomp.
_924641
830 0 _aCuadernos educativos y culturales;
_v3
_955465
910 _aBT
942 _2ddc
_cLBS1
999 _c28362
_d28362